000 00698cam a22002533a 4500
001 25025
003 PGUSA
005 20140828083534.0
008 080409s2008||||xxu|||||s|||||000 | eng d
040 _aPGUSA
_beng
042 _adc
050 4 _aTS
050 4 _aPZ
100 1 _aBassett, Sara Ware,
_d1872-1968
245 1 4 _aThe Story of Silk
_h[electronic resource] /
_cSara Ware Bassett
260 _bProject Gutenberg,
_c2008
506 _aPublic domain in the USA.
516 _aElectronic text
653 _aSilk -- Juvenile literature
700 1 _aPrice, Hattie Longstreet
830 0 _aProject Gutenberg
_v25025
856 4 0 _uhttp://www.gutenberg.org/ebooks/25025
942 _cEB
999 _c254280
_d254280